00346 2200145 4500001002100000005001500021035002000036245004000056100001100096300001400107260003500121082000800156084001400164020002200178INLIS00000000000483720250523075813 a0010-05250000721 aAnalisis Laporan Keuangan /cKasmir0 aKasmir a378 ;c21 aDepok :bRajawali Press,c2021 a657 a657 KAS a a978-602-425-945-7